Logo CIB grande

LA CULTURA DE LA TIERRA: CONCEPTOS Y EXPERIENCIAS PARA UNA AGRICULTURA SUSTENTABLE (Registro nro. 230382)

Detalles MARC
000 -LEADER
campo de control de longitud fija 00782nam a2200241Ia 4500
005 - FECHA Y HORA DE LA ÚLTIMA TRANSACCIÓN
campo de control 20250425162508.0
008 - DATOS DE LONGITUD FIJA--INFORMACIÓN GENERAL
campo de control de longitud fija 250425s9999 xx 000 0 und d
020 ## - NÚMERO INTERNACIONAL ESTÁNDAR DEL LIBRO
Número Internacional Estándar del Libro 9688175234
041 ## - CÓDIGO DE IDIOMA
Código de lengua del texto/banda sonora o título independiente spa
082 ## - NÚMERO DE LA CLASIFICACIÓN DECIMAL DEWEY
Número de clasificación 333.7
010 ## - NÚMERO DE CONTROL DE LA BIBLIOTECA DEL CONGRESO
Número de control de LC 78171
100 ## - ENTRADA PRINCIPAL--NOMBRE DE PERSONA
Nombre de persona ROJAS CANALES, MARIA DEL CARMEN
245 #0 - MENCIÓN DEL TÍTULO
Título LA CULTURA DE LA TIERRA: CONCEPTOS Y EXPERIENCIAS PARA UNA AGRICULTURA SUSTENTABLE
250 ## - MENCION DE EDICION
Mención de edición 1A ED.
260 ## - PUBLICACIÓN, DISTRIBUCIÓN, ETC.
Lugar de publicación, distribución, etc. MEXICO
260 ## - PUBLICACIÓN, DISTRIBUCIÓN, ETC.
Lugar de publicación, distribución, etc. México
Nombre del editor, distribuidor, etc. SECRETARIA DE MEDIO AMBIENTE Y RECURSOS NATURALES, SECRETARIA DE AGRICULTURA GANADERIA, DESARROLLO RURAL PESCA Y ALIMENTACION.
Fecha de publicación, distribución, etc. 2001
300 ## - DESCRIPCIÓN FÍSICA
Extensión 281
650 ## - PUNTO DE ACCESO ADICIONAL DE MATERIA--TÉRMINO DE MATERIA
Término de materia o nombre geográfico como elemento de entrada AGRICULTURA ECOLOGICA
650 ## - PUNTO DE ACCESO ADICIONAL DE MATERIA--TÉRMINO DE MATERIA
Término de materia o nombre geográfico como elemento de entrada AGRICULTURA SUSTENTABLE-AMERICA LATINA
650 ## - PUNTO DE ACCESO ADICIONAL DE MATERIA--TÉRMINO DE MATERIA
Término de materia o nombre geográfico como elemento de entrada AGROFORESTERIA
700 ## - ENTRADA AGREGADA--NOMBRE PERSONAL
Nombre de persona CABRERA TORRES, JORGE
942 ## - ELEMENTOS DE ENTRADA SECUNDARIOS (KOHA)
Tipo de ítem Koha Libros
Existencias
Estatus retirado Estado de pérdida Estado de daño No para préstamo Biblioteca de origen Biblioteca actual Fecha de adquisición Coste, precio normal de compra Total de préstamos Código de barras Copia número
        FACULTAD DE INGENIERIA MECANICA Y CIENCIAS DE LA PRODUCCION FACULTAD DE INGENIERIA MECANICA Y CIENCIAS DE LA PRODUCCION 22/07/2011 5.00   D-79440 1

Copyright 2025 ESPOL. Todos los derechos reservados.